Online Catalogue and eLibrary

Gods demons and spirits (Record no. 685)

MARC details
000 -LEADER
fixed length control field 00430nam a2200181Ia 4500
005 - DATE AND TIME OF LATEST TRANSACTION
control field 20240625025747.0
008 - FIXED-LENGTH DATA ELEMENTS--GENERAL INFORMATION
fixed length control field 240331s9999 xx 000 0 und d
082 ## - DDC Classification
Class No. 100
Item Number - Author Mark KOV
100 ## - MAIN ENTRY--PERSONAL NAME
Personal name Kovoor, Abraham
245 #0 - TITLE STATEMENT
Title Gods demons and spirits
250 ## - EDITION STATEMENT
Edition statement 3rd
260 ## - PUBLICATION, DISTRIBUTION, ETC.
Place of publication, distribution, etc. Bombay
Name of publisher, distributor, etc. Jaico Publishing House
Date of publication, distribution, etc. 1990
300 ## - PHYSICAL DESCRIPTION
Extent (e.g. Volumes, Pages etc.) xiv, 259 p.,
650 ## - SUBJECT ADDED ENTRY--TOPICAL TERM
Topical term or geographic name entry element Culture
650 ## - SUBJECT ADDED ENTRY--TOPICAL TERM
Topical term or geographic name entry element Rationalist
650 ## - SUBJECT ADDED ENTRY--TOPICAL TERM
Topical term or geographic name entry element Religion
942 ## - Koha item type (Biblio)
Koha item type Books in Stacks (Lending)
Holdings
Lost status Damaged status Collection code Home library Current library Shelving location Date acquired Full call number Accession Number Item type
    Lending WERC Library WERC Library Social Science Cupboard 03/31/2024 100 KOV 1518 Books in Stacks (Lending)

© WERC Library